| 000 | 00553nam a2200181Ia 4500 | ||
|---|---|---|---|
| 008 | 151202s9999||||xx |||||||||||||| ||und|| | ||
| 082 | _bPNVM-26830 | ||
| 100 | _aअत्रे प्र.के. | ||
| 245 | _aसुभाष कथा. | ||
| 260 | _b"गं.पां. परचुरे, मुबंई." | ||
| 260 | _c1964 | ||
| 300 | _a291 | ||
| 600 | _aअत्रे प्र.के. | ||
| 630 | _aसुभाष कथा. | ||
| 700 | _aअत्रे प्र.के. | ||
| 730 | _aसुभाष कथा. | ||
| 942 | _cBOOK | ||
| 999 |
_c1292799 _d1292796 |
||